<?xml version="1.0" encoding="UTF-8"?>
<collection xmlns="http://www.loc.gov/MARC21/slim">
 <record>
  <leader>02101nam a2200301 a 4500</leader>
  <controlfield tag="001">0017174</controlfield>
  <controlfield tag="003">BD-DhAAL</controlfield>
  <controlfield tag="008">090618s2003    caua     b   s001 0 eng d</controlfield>
  <datafield tag="010" ind1=" " ind2=" ">
   <subfield code="a">  2002027173</subfield>
  </datafield>
  <datafield tag="020" ind1=" " ind2=" ">
   <subfield code="a">0520233344 (alk. paper)</subfield>
  </datafield>
  <datafield tag="040" ind1=" " ind2=" ">
   <subfield code="a">DLC</subfield>
   <subfield code="c">DLC</subfield>
   <subfield code="d">DLC</subfield>
   <subfield code="d">BD-DhAAL</subfield>
  </datafield>
  <datafield tag="082" ind1="0" ind2="0">
   <subfield code="a">709.171709049</subfield>
   <subfield code="2">21</subfield>
  </datafield>
  <datafield tag="245" ind1="0" ind2="0">
   <subfield code="a">Postmodernism and the postsocialist condition :</subfield>
   <subfield code="b">politicized art under late socialism /</subfield>
   <subfield code="c">edited by Aleš Erjavec ; with a foreword by Martin Jay and contributions by Boris Groys ... [et al.].</subfield>
  </datafield>
  <datafield tag="260" ind1=" " ind2=" ">
   <subfield code="a">Berkeley :</subfield>
   <subfield code="b">University of California Press,</subfield>
   <subfield code="c">c2003.</subfield>
  </datafield>
  <datafield tag="300" ind1=" " ind2=" ">
   <subfield code="a">xix, 297 p. :</subfield>
   <subfield code="b">ill. (some col.) ;</subfield>
   <subfield code="c">26 cm</subfield>
  </datafield>
  <datafield tag="504" ind1=" " ind2=" ">
   <subfield code="a">Includes bibliographical references and index.</subfield>
  </datafield>
  <datafield tag="505" ind1="8" ind2=" ">
   <subfield code="a">Machine generated contents note: List of Illustrations vii -- Acknowledgments xiii MARTIN JAY Foreword xv --ALES ERJAVEC Introduction i --BORIS GROYS The Other Gaze: Russian Unofficial Art's -- View of the Soviet World 55 --MISKO SUVAKOVIC Art as a Political Machine: Fragments on -- the Late Socialist and Postsocialist Art of -- Mitteleuropa and the Balkans 90 --ALES ERJAVEC Neue Slowenische Kunst-New -- Slovenian Art: Slovenia, Yugoslavia, -- Self-Management, and the 198os 135 --PETER GYORGY Hungarian Marginal Art in the Late -- Period of State Socialism 175 --GERARDO MOSQUERA The New Cuban Art 208 --GAO MINGLU Post-Utopian Avant-Garde Art in -- China 247 List of Contributors 285 -- Index 287.</subfield>
  </datafield>
  <datafield tag="526" ind1=" " ind2=" ">
   <subfield code="a">ENH</subfield>
   <subfield code="x">Prof. Syed Manzoorul Islam
Faculty Member of BRAC University</subfield>
  </datafield>
  <datafield tag="541" ind1="1" ind2=" ">
   <subfield code="e">00017174</subfield>
   <subfield code="a">Friends' Book Corner</subfield>
  </datafield>
  <datafield tag="650" ind1=" " ind2="0">
   <subfield code="a">Postmodernism.</subfield>
  </datafield>
  <datafield tag="650" ind1=" " ind2="0">
   <subfield code="a">Socialism and art.</subfield>
   <subfield code="9">58331</subfield>
  </datafield>
  <datafield tag="650" ind1=" " ind2="0">
   <subfield code="a">Art</subfield>
   <subfield code="x">Political aspects.</subfield>
   <subfield code="9">57176</subfield>
  </datafield>
  <datafield tag="700" ind1="1" ind2=" ">
   <subfield code="a">Erjavec, Aleš.</subfield>
   <subfield code="9">58332</subfield>
  </datafield>
  <datafield tag="700" ind1="1" ind2=" ">
   <subfield code="a">Groĭs, Boris.</subfield>
   <subfield code="9">58333</subfield>
  </datafield>
  <datafield tag="852" ind1="4" ind2=" ">
   <subfield code="a">Ayesha Abed Library</subfield>
   <subfield code="c">General Stacks</subfield>
   <subfield code="j">  </subfield>
  </datafield>
  <datafield tag="942" ind1=" " ind2=" ">
   <subfield code="2">ddc</subfield>
   <subfield code="c">BK</subfield>
  </datafield>
  <datafield tag="999" ind1=" " ind2=" ">
   <subfield code="c">949</subfield>
   <subfield code="d">949</subfield>
  </datafield>
  <datafield tag="952" ind1=" " ind2=" ">
   <subfield code="0">0</subfield>
   <subfield code="1">0</subfield>
   <subfield code="2">ddc</subfield>
   <subfield code="4">0</subfield>
   <subfield code="6">709_171709049000000_POS_2003</subfield>
   <subfield code="7">0</subfield>
   <subfield code="9">9047</subfield>
   <subfield code="a">BRACUL</subfield>
   <subfield code="b">BRACUL</subfield>
   <subfield code="c">GEN</subfield>
   <subfield code="d">2010-04-07</subfield>
   <subfield code="e">Friends' Book Corner</subfield>
   <subfield code="g">2118.00</subfield>
   <subfield code="l">2</subfield>
   <subfield code="o">709.171709049 POS</subfield>
   <subfield code="p">3010017174</subfield>
   <subfield code="r">2018-11-06</subfield>
   <subfield code="s">2018-07-29</subfield>
   <subfield code="t">1</subfield>
   <subfield code="w">2010-04-07</subfield>
   <subfield code="y">BK</subfield>
   <subfield code="x">Requisitioned by Prof. Syed Manzoorul Islam (Faculty Member of BRAC University).</subfield>
  </datafield>
 </record>
</collection>
